MDQL
is popping MORE tags! Check the
thread
!
Quizzes
Events
Quiz Creation
Community
Videos
Private Events
Remove Ads
Sign In
Join for FREE
Feedback
Dark Mode
Quiz Categories
Sports
Geography
Music
Movies
Television
Just For Fun
Miscellaneous
History
Literature
Language
Science
Gaming
Entertainment
Religion
Holiday
For Kids
Quiz Lab
Recent
Popular Today
Quiz Kudos Today
Editor Picks
Curator Picks
Quizzes by...
Day
Popularity
Type
Ratings
Length
Year
Community
Subscriptions
Recent Discussions
Orange Saloon
Badges
Playlists
Quests
Create
Leaderboards
Showdown
Live 5
Trivia Bingo
Activity
Puzzle Library
Sporcle Events
Private Events
Virtual Trivia
Globe League
Become a Host
Pub Owners
SporcleCon
Opinionation
Our Games
Videos
Blog
Mobile Apps
Partnerships
Remove Ads and Go Orange
Feedback
Just For Fun
Clickable
Get the Picture
Humor
Quick Pick
Word Ladder
Missing Word
Mixed Word
Blitz
Minefield
This or That
Alphabet
Color
Typing
Sporcle
Puzzle
Word Play
Follow That Line
Logic
Just For Fun
Clickable
Get the Picture
Humor
Quick Pick
Word Ladder
Missing Word
Mixed Word
Blitz
Minefield
This or That
Alphabet
Color
Typing
Sporcle
Puzzle
Word Play
Follow That Line
Logic
Random Quiz
Search Sporcle
×
Quiz Lab
Quiz Lab
Just For Fun
US Presidents
Type in answers that appear in a list
Type in answers that appear in a list
Classic
Best Score? Go Orange.
The Next Next Next President Stats
Can you name the people who would takeover as president if enough people can't ?
By
trick39berry
4m
18 Questions
112 Plays
112 Plays
112 Plays
Comments
Comments
Give Quiz Kudos
Give Quiz Kudos
-
- Ratings
hide this ad
More Info
Replay
Link that replays current quiz
Next Quiz
Link to next quiz in quiz playlist
You Got
0%
They Got
Avg Score
42%
Avg Friend Score
Upgrade to see
Score Distribution
Jump to the score distribution portion of the page
Score
0/18
Timer
04:00
0
Plays Today
Reason
Person
% Correct
This person is elected to be the _
_
_
_
_
_
President
100%
If the (above answer) can't work, then the _
_
_
_
_
_
takes over.
Vice president
98.2%
If the (above answer) can't work, then the _
_
_
_
_
takes over.
Speaker of the house
82.1%
If the (above answer) can't work, then the _
_
_
_
_
takes over.
Secretary of state
75.9%
If the (above answer) can't work, then the _
_
_
_
_
takes over.
Secretary of defense
62.5%
If the (above answer) can't work, then the _
_
_
_
_
takes over.
Secretary of the treasury
46.4%
If the (above answer) can't work, then the _
_
_
_
_
takes over.
Secretary of the interior
37.5%
If the (above answer) can't work, then the _
_
_
_
_
takes over.
Attorney general
35.7%
If the (above answer) can't work, then the _
_
_
_
_
takes over.
Secretary of education
34.8%
Reason
Person
% Correct
If the (above answer) can't work, then the _
_
_
_
_
takes over.
Secretary of agriculture
31.3%
If the (above answer) can't work, then the _
_
_
_
_
takes over.
Secretary of commerce
27.7%
If the (above answer) can't work, then the _
_
_
_
_
takes over.
Secretary of transportation
25%
If the (above answer) can't work, then the _
_
_
_
_
takes over.
Secretary of labor
23.2%
If the (above answer) can't work, then the _
_
_
_
_
takes over.
Secretary of housing and urban development
21.4%
If the (above answer) can't work, then the _
_
_
_
_
takes over.
Secretary of energy
20.5%
If the (above answer) can't work, then the _
_
_
_
_
takes over.
Secretary of health and human services
18.8%
If the (above answer) can't work, then the_
_
_
_
_
takes over.
President pro tempore of the senate
17%
If the (above answer) can't work, then the _
_
_
_
_
takes over.
Secretary of veterans affairs
13.4%
Quiz Playlist
Details
Report
Send in Message
Add To Playlist
More Info:
I am not looking for the names of people, just what their job is.
Classic:
Type in answers that appear in a list
Last Updated: Feb 16, 2017
Quiz Scoreboard
CHALLENGE
Sign Up to Join the Scoreboard
Show All
Scores
Hide
Comments
May contain spoilers
Recently Published
Two Season TV Shows II
by 123Four
Television
10m
Image Sorting: Flags VI
by Barbecue
Geography
2m
Find the 'City' Movie
by crazypaving
Movies
60s
More to Explore
Quiz From the Vault
Featured Blog Post
14 Easter Pick-up Lines to Find Eggs With
hide this ad
You Might Also Like...
Tags
US Presidents Quiz
Today's Top Quizzes in Just For Fun
Browse Just For Fun
hide this ad
Today's Top Quizzes in US Presidents
Browse US Presidents
Top Contributed Quizzes in Just For Fun
1
Name Just One - 10 to 1: Just For Fun
2
Missing Word: 2-Letter A-Z II
3
Avatar the Last Airbender: Logic Puzzle
4
Missing Letter Whitney Houston Songs
5
Missing Word: 'Of' Things A-Z
6
It's Magic / Witchcraft 🎩🪄🧙♀️
7
Survivor Winners Logic Puzzle
8
Eurovision 2024 Countries Logic Puzzle
9
Killer Double Trees 224 - Colour Match-Up
10
Click the Differences: Playground
Explore More
Trending Topics
Crossword
Marvel
Kpop
Harry Potter
NBA
Anime
Disney
The Office
Puzzle
NFL
Soccer
WWE
Song
Pokémon
Country
hide this ad
More By:
trick39berry
Quiz
Plays
Rating
Category
Featured
Created
US States With The Most Of Each Letter
105,152
4.63
Geography
Jul 14, 2011
Mixed Word: Common Bond LV
46,425
4.05
Just For Fun
Feb 27, 2011
Word Ladder: Wild Animals
23,528
4.07
Just For Fun
May 2, 2011
State Capitals with the Most of Each Letter
21,015
4.65
Geography
Jul 19, 2011
Undercover Christmas Song
7,453
4.63
Holiday
Nov 23, 2010
Go to Creator's Profile
Score Distribution
Quiz Creator Spotlight
trick39berry
Follow
Send a Message
Quizzes Created
-
Created Quiz Play Count
-
More By This Creator
Popular Quizzes Today
1
Find the US States - No Outlines Minefield
2
Colored Red Africa Blitz
3
Find the 'City' Movie
4
5x2 Blitz: Bands
5
The Countries of the World
6
Find the Countries of Europe - No Outlines Minefield
7
Find the US States
8
US States
More Just For Fun Quizzes
Get the Picture: Harry Styles or One Direction?
Curator's Pick
Trending Quizzes
Colored Red Europe Blitz I
Colored Red Africa Blitz II
Colored Red Europe Blitz II
Colored Red Africa Blitz III
Colored Red Europe Blitz III
Recently Updated
How Do You Spell That?
pecheneg
Godzilla Movies
pecheneg
Grab Bag: 4-10 Letters
pecheneg
2024 March Madness Bracket
pecheneg
Famous TV Couples
Peacemaker
Champions League XIs: Real Madrid
pecheneg
Largest US Cities 1790-2010
pecheneg
Rides in Walt Disney World
pecheneg
Most Oscar Losses (Acting)
pecheneg
Beyoncé Albums
pecheneg
Trending Topics
Marvel
Kpop
Crossword
Disney
Anime
Harry Potter
NBA
Soccer
The Office
Country
Song
WWE
Pokémon
Puzzle
NFL
Your Account Isn't Verified!
In order to create a playlist on Sporcle, you need to verify the email address you used during registration. Go to your
Sporcle Settings
to finish the process.
Report this User
Report this user for behavior that violates our
Community Guidelines
.
Details:
Send Report
Go to the Sporcle.com Mobile Site →
Comments